[Event "4NCL/Div3/MIN vs. PPA2"]
[Site "Telford ENG"]
[Date "2003.04.12"]
[Round "7.8"]
[White "Aarons, Poppy J"]
[Black "Hegarty, Sarah N"]
[Result "1/2-1/2"]
[WhiteElo "1907"]
[BlackElo "1870"]
[PlyCount "130"]
[EventDate "2003.04.12"]

1. e4 Nf6 2. Nc3 d5 3. exd5 Nxd5 4. Bc4 Nb6 5. Bb3 Bf5 6. Nf3 e6 7. d4 Be7 8.
O-O O-O 9. Bf4 c5 10. dxc5 Bxc5 11. Qe2 N8d7 12. Rad1 Qe7 13. Nb5 Rfd8 14. Nd6
Bxd6 15. Bxd6 Qf6 16. Rd4 Nb8 17. Be5 Qe7 18. Rxd8+ Qxd8 19. Rd1 Qe7 20. Nd4
Bg6 21. Qb5 N8d7 22. Bg3 Nc5 23. c3 Nxb3 24. Nxb3 Rd8 25. Rxd8+ {=} Qxd8 26.
Nd4 h6 27. Qc5 Qd5 28. Qxd5 Nxd5 29. Kf1 Kf8 30. Ke2 Ke7 31. Nb5 a6 32. Nd6 b5
33. c4 bxc4 34. Nxc4 Bh5+ 35. f3 f5 36. Bd6+ Ke8 37. Kd3 g5 38. Kd4 Bf7 {=} 39.
Kc5 Kd8 40. Ne5 Be8 41. Nc6+ Kc8 42. Nd4 Bd7 43. b4 Kb7 44. a3 Nc3 45. Bf8 h5
46. Kd6 Bc8 47. Nxe6 g4 48. fxg4 fxg4 49. Ke5 h4 50. Nf4 h3 51. g3 Kc6 52. Nd3
Kb5 53. Nf2 Ne2 54. Ke4 Bb7+ 55. Kf5 Bc8+ 56. Kg5 Nxg3 57. hxg3 h2 58. Kf4 Kc4
59. Bc5 Bd7 60. Ke3 Bc6 61. Ke2 h1=Q 62. Nxh1 Bxh1 {=} 63. Ke3 Bf3 64. Kf4 Bd1
65. Ke5 Kb5 1/2-1/2

[Event "4NCL/Div3/NWE2 vs. NKN1"]
[Site "Telford ENG"]
[Date "2003.04.12"]
[Round "7.1"]
[White "Carleton, John J"]
[Black "Walsh, Chris"]
[Result "1-0"]
[WhiteElo "2266"]
[BlackElo "2204"]
[PlyCount "75"]
[EventDate "2003.04.12"]

1. d4 Nf6 2. c4 e6 3. Nc3 Bb4 4. f3 d5 5. a3 Bxc3+ 6. bxc3 c5 7. cxd5 Nxd5 8.
dxc5 Qa5 9. e4 Nc7 10. Qd4 O-O 11. Qb4 Nc6 12. Qxa5 Nxa5 13. Bf4 Ne8 14. Rb1 f6
15. Rb5 Nc6 16. Bc4 Kh8 17. Ne2 e5 18. Be3 Nc7 19. Rb1 Rd8 20. Kf2 Na5 21. Rhd1
Bd7 22. Ba2 Ba4 23. Rxd8+ Rxd8 24. h4 Bc6 25. h5 h6 26. g4 Rd3 27. Rb2 Nb5 28.
Rd2 Rxd2 29. Bxd2 Nxa3 30. Bc1 N3c4 31. Ng3 Bd7 32. Nf5 b6 33. cxb6 axb6 34.
Ne7 Ba4 35. Ke2 Bb5 36. Kf2 Ba4 37. Be3 Bd7 38. Ng6+ 1-0

[Event "4NCL/Div3/NWE2 vs. NKN1"]
[Site "Telford ENG"]
[Date "2003.04.12"]
[Round "7.2"]
[White "Rees, Ioan"]
[Black "Hulmes, David I"]
[Result "1/2-1/2"]
[WhiteElo "2106"]
[BlackElo "2136"]
[PlyCount "51"]
[EventDate "2003.04.12"]

1. Nf3 d5 2. d4 Nf6 3. c4 e6 4. Nc3 Be7 5. Bg5 h6 6. Bh4 O-O 7. e3 b6 8. Rc1
Bb7 9. Bxf6 Bxf6 10. cxd5 exd5 11. Be2 c6 12. O-O Re8 13. b4 Nd7 14. Qa4 b5 15.
Qc2 Nb6 16. a4 a6 17. Rfd1 Be7 18. Rb1 Bd6 19. a5 Nc4 20. Bxc4 dxc4 21. Ne4 Bc8
22. Nc5 Bg4 23. Qe2 Qf6 24. h3 Bxf3 25. Qxf3 Qxf3 26. gxf3 1/2-1/2

[Event "4NCL/Div3/NWE2 vs. NKN1"]
[Site "Telford ENG"]
[Date "2003.04.12"]
[Round "7.3"]
[White "Mulligan, Stephen"]
[Black "Morris, Gareth"]
[Result "1/2-1/2"]
[WhiteElo "2162"]
[BlackElo "2174"]
[PlyCount "114"]
[EventDate "2003.04.12"]

1. d4 Nf6 2. Nf3 c5 3. c3 g6 4. Bf4 b6 5. e3 Bg7 6. Nbd2 Bb7 7. Be2 d6 8. O-O
O-O 9. Re1 Nbd7 10. Bf1 Nh5 11. Bg3 e5 12. dxe5 dxe5 13. Bb5 Nxg3 14. hxg3 a6
15. Bxd7 Qxd7 16. Qc2 Rfd8 17. Red1 Qe7 18. e4 b5 19. b3 Rd7 20. Nf1 Rad8 21.
Ne3 Rxd1+ 22. Rxd1 Rxd1+ 23. Nxd1 Qd6 24. Ne3 h5 25. Kf1 Bh6 26. Ke2 f6 27. Qd2
Qxd2+ 28. Nxd2 Kf7 29. Kd3 Ke6 30. Ke2 f5 31. Kd3 Bc6 32. c4 Bg5 33. f3 Bh6 34.
Nef1 b4 35. Ne3 a5 36. Nd5 a4 37. Nf1 Bc1 38. Kc2 Bh6 39. Kd3 a3 40. Kc2 fxe4
41. fxe4 Bb7 42. Kd3 Bc1 43. Nfe3 Bb2 44. Nd1 Bd4 45. N1e3 Kf7 46. Ke2 Kg7 47.
Kd3 Kh6 48. Ke2 Kg5 49. Kf3 Bc6 50. Nc2 Bd7 51. Nce3 Be6 52. Nc7 Bf7 53. Ncd5
Bg8 54. Ne7 Be6 55. N7d5 Bf7 56. Nc2 Bb2 57. Nce3 Bd4 1/2-1/2

[Event "4NCL/Div3/NWE2 vs. NKN1"]
[Site "Telford ENG"]
[Date "2003.04.12"]
[Round "7.4"]
[White "Gandy, Andrew"]
[Black "Savory, Richard J"]
[Result "1/2-1/2"]
[WhiteElo "2097"]
[BlackElo "2099"]
[PlyCount "56"]
[EventDate "2003.04.12"]

1. d4 d5 2. c4 e6 3. Nc3 Nf6 4. cxd5 exd5 5. Bg5 Be7 6. e3 O-O 7. Bd3 c6 8. Qc2
h6 9. Bh4 Re8 10. Nf3 Nbd7 11. O-O Ne4 12. Bxe7 Qxe7 13. Bxe4 dxe4 14. Nd2 Nf6
15. b4 Bf5 16. Rab1 h5 17. b5 Rac8 18. bxc6 Rxc6 19. Qb3 Ng4 20. h3 Nh6 21. Ne2
Bxh3 22. gxh3 Rg6+ 23. Kh1 Qh4 24. Nf4 Rg4 25. Qb5 Rxf4 26. Qxe8+ Kh7 27. exf4
Qxh3+ 28. Kg1 Qg4+ 1/2-1/2

[Event "4NCL/Div3/NWE2 vs. NKN1"]
[Site "Telford ENG"]
[Date "2003.04.12"]
[Round "7.5"]
[White "Hughes, Howard R"]
[Black "Powell, Annie"]
[Result "1-0"]
[WhiteElo "2072"]
[BlackElo "2034"]
[PlyCount "79"]
[EventDate "2003.04.12"]

1. e4 c5 2. d4 cxd4 3. c3 Nf6 4. e5 Nd5 5. Bc4 Qc7 6. Qe2 Nb6 7. Bb3 d3 8. Qxd3
Qxe5+ 9. Be3 e6 10. Nf3 Qc7 11. O-O d6 12. Na3 a6 13. Bf4 N8d7 14. Rad1 e5 15.
Rfe1 Nc5 16. Qe2 Nxb3 17. Nxe5 Be6 18. Nxf7 Qxf7 19. axb3 Kd7 20. Qd2 Nc8 21.
c4 b6 22. Nc2 Bf5 23. Nd4 Be7 24. Qe3 Ra7 25. Qf3 Rc7 26. Nxf5 Qxf5 27. Rxe7+
Nxe7 28. Rxd6+ Ke8 29. g4 Qc5 30. Re6 Rd7 31. Be3 Qc8 32. Rxb6 Rf8 33. Qe4 Qc7
34. Rxa6 h6 35. Ra8+ Rd8 36. Ra7 Qd6 37. c5 Qf6 38. c6 Kf7 39. b4 Kg8 40. Qxe7
1-0

[Event "4NCL/Div3/NWE2 vs. NKN1"]
[Site "Telford ENG"]
[Date "2003.04.12"]
[Round "7.6"]
[White "Davis, Lee"]
[Black "McCarthy, Jim"]
[Result "1-0"]
[WhiteElo "2002"]
[BlackElo "2133"]
[PlyCount "75"]
[EventDate "2003.04.12"]

1. d4 Nf6 2. g3 d5 3. Bg2 c6 4. c4 dxc4 5. Nf3 Bg4 6. O-O Nbd7 7. a4 e6 8. Na3
Bxa3 9. Rxa3 O-O 10. Qc2 b5 11. axb5 cxb5 12. Bg5 Bf5 13. Qd2 Be4 14. Rfa1 Qc7
15. Ra6 Nb8 16. R6a5 Bc6 17. Bxf6 gxf6 18. Qh6 Qe7 19. Qh4 Re8 20. e4 a6 21.
Qh5 Bxe4 22. Qg4+ Bg6 23. Rxb5 axb5 24. Rxa8 b4 25. h4 h5 26. Qf4 Nc6 27. Ra6
Nb8 28. Ra8 Nd7 29. Ra7 Qd8 30. Qd6 Nb8 31. Qc5 Qd5 32. Qxb4 Nc6 33. Qa4 Rd8
34. Ne5 Nxa7 35. Bxd5 exd5 36. Nxg6 Nc8 37. Nf4 Kf8 38. Qc6 1-0

[Event "4NCL/Div3/NWE2 vs. NKN1"]
[Site "Telford ENG"]
[Date "2003.04.12"]
[Round "7.7"]
[White "Clancy, Marc"]
[Black "Ralphs, Nigel"]
[Result "0-1"]
[WhiteElo "1880"]
[BlackElo "1931"]
[PlyCount "100"]
[EventDate "2003.04.12"]

1. e4 Nf6 2. e5 Nd5 3. d4 d6 4. c4 Nb6 5. exd6 exd6 6. Bd3 Be7 7. Nc3 Nc6 8.
Be3 Bf6 9. Nge2 Bg4 10. O-O Nxd4 11. f3 Nxe2+ 12. Qxe2 Be6 13. Ne4 O-O 14. f4
d5 15. Nxf6+ Qxf6 16. f5 dxc4 17. Bc2 Bd5 18. Qg4 Rfe8 19. Rae1 Rxe3 20. Rxe3
Bc6 21. Rg3 Re8 22. Qg5 Qxg5 23. Rxg5 f6 24. Rg3 Re2 25. Rf2 Re1+ 26. Rf1 Re2
27. Rc1 Nd5 28. Kf1 Re5 29. Re1 Nf4 30. Rxe5 fxe5 31. Kf2 Kf7 32. Re3 Kf6 33.
Be4 Bxe4 34. Rxe4 Nd3+ 35. Ke3 Nxb2 36. g4 b5 37. Kd2 Na4 38. Kc2 Nc5 39. Re3
a5 40. h3 h6 41. h4 e4 42. Rg3 Ke5 43. g5 Kxf5 44. gxh6 gxh6 45. h5 b4 46. Rg6
b3+ 47. axb3 cxb3+ 48. Kc3 e3 49. Rc6 Ne4+ 50. Kxb3 e2 0-1

[Event "4NCL/Div3/NWE2 vs. NKN1"]
[Site "Telford ENG"]
[Date "2003.04.12"]
[Round "7.8"]
[White "Sinnett, Glyn"]
[Black "Bradley, Karen"]
[Result "1-0"]
[WhiteElo "1939"]
[BlackElo "1392"]
[PlyCount "103"]
[EventDate "2003.04.12"]

1. d4 Nf6 2. c4 c5 3. d5 b5 4. cxb5 a6 5. Nc3 axb5 6. e4 d6 7. Bxb5+ Bd7 8. Qe2
Bxb5 9. Nxb5 Nbd7 10. Nf3 Qb8 11. a4 g6 12. Bd2 Qb7 13. O-O Bg7 14. Bc3 O-O 15.
Rfd1 Rfb8 16. Qd3 Ne8 17. Rdb1 Nc7 18. Bxg7 Kxg7 19. Nxc7 Qxc7 20. Qc3+ Kg8 21.
b4 Qb6 22. b5 Ra5 23. Nd2 Qa7 24. Qb3 Nb6 25. Nc4 Rxa4 26. Rxa4 Qxa4 27. Qxa4
Nxa4 28. b6 Rb7 29. Ra1 Nxb6 30. Rb1 Nxc4 31. Rxb7 Kf8 32. f3 h5 33. Kf2 e6 34.
dxe6 fxe6 35. Ke2 Ne5 36. h3 Nf7 37. Ke3 Kg7 38. g4 Kf6 39. f4 hxg4 40. hxg4 g5
41. Rd7 gxf4+ 42. Kxf4 c4 43. Ke3 Ne5 44. Rxd6 Nxg4+ 45. Kd4 Ne5 46. Ra6 Nf3+
47. Kxc4 Ke5 48. Kd3 Ne1+ 49. Kd2 Nf3+ 50. Ke3 Ne1 51. Ra5+ Kf6 52. Ra2 1-0

[Event "4NCL/Div3/WES2 vs. GUI3"]
[Site "Telford ENG"]
[Date "2003.04.12"]
[Round "7.1"]
[White "Hopkins, Jamie R"]
[Black "Richardson, Kevin D"]
[Result "1-0"]
[WhiteElo "2151"]
[BlackElo "2169"]
[PlyCount "57"]
[EventDate "2003.04.12"]

1. c4 e5 2. g3 Nc6 3. Bg2 d6 4. Nc3 g6 5. e4 Bg7 6. Nge2 h5 7. h4 Bg4 8. f3 Be6
9. d3 Bh6 10. b3 Bxc1 11. Rxc1 Nd4 12. Nxd4 exd4 13. Ne2 Qf6 14. Qd2 Ne7 15.
Qb4 O-O-O 16. f4 Nc6 17. Qa3 Bg4 18. b4 Kb8 19. Qb2 Bxe2 20. Kxe2 Rhe8 21. b5
Ne7 22. Kf2 Nc8 23. c5 dxc5 24. Rxc5 Nb6 25. Qc2 Re7 26. Rc1 Qd6 27. a4 f6 28.
a5 Nc8 29. Rd5 1-0

[Event "4NCL/Div3/WES2 vs. GUI3"]
[Site "Telford ENG"]
[Date "2003.04.12"]
[Round "7.2"]
[White "Punnett, Alan K"]
[Black "Clark, Ian C"]
[Result "1-0"]
[WhiteElo "2129"]
[BlackElo "2113"]
[PlyCount "99"]
[EventDate "2003.04.12"]

1. e4 c5 2. Nc3 e6 3. g3 g6 4. Bg2 Bg7 5. d3 d6 6. Be3 Nc6 7. Qd2 a6 8. f4 Bd7
9. Nf3 Nf6 10. e5 dxe5 11. fxe5 Ng4 12. Bxc5 Bh6 13. Qe2 Qa5 14. Bd6 Ne3 15. a3
Nd5 16. O-O Nxc3 17. bxc3 Qxc3 18. Rab1 b5 19. Rb3 Nd4 20. Nxd4 Qxd4+ 21. Kh1
Rc8 22. Rb4 Qa7 23. a4 Be3 24. axb5 axb5 25. Qf3 f5 26. exf6 Kf7 27. Re4 Bc5
28. Qf4 Bxd6 29. Qxd6 Rhe8 30. Rh4 h5 31. g4 Rc7 32. gxh5 g5 33. Rg4 Qc5 34.
Qxc5 Rxc5 35. d4 Rxc2 36. Rxg5 Rg8 37. Rg6 b4 38. d5 b3 39. Be4 Re2 40. Bf3 Re3
41. Rxg8 Kxg8 42. h6 Bb5 43. dxe6 Rxe6 44. Bd5 Bc6 45. Bxc6 Rxc6 46. h7+ Kxh7
47. f7 b2 48. f8=Q Rc1 49. Qf7+ Kh6 50. Qf4+ 1-0

[Event "4NCL/Div3/WES2 vs. GUI3"]
[Site "Telford ENG"]
[Date "2003.04.12"]
[Round "7.3"]
[White "Rutter, Nicholas"]
[Black "Shepley, Julien M"]
[Result "1-0"]
[WhiteElo "2120"]
[BlackElo "2131"]
[PlyCount "83"]
[EventDate "2003.04.12"]

1. e4 d5 2. exd5 Qxd5 3. Nc3 Qd6 4. d4 Nf6 5. Nf3 a6 6. g3 Nc6 7. Bf4 Qb4 8. a3
Qa5 9. b4 Qh5 10. h3 Be6 11. Bg2 Nd5 12. Nxd5 Qxd5 13. O-O Qd7 14. Qe2 Bxh3 15.
d5 Bxg2 16. Kxg2 Na7 17. c4 f6 18. Rad1 g5 19. Bxg5 fxg5 20. Ne5 Qf5 21. Qh5+
Kd8 22. Nf7+ Kd7 23. Nxh8 Bg7 24. Qf7 Qf6 25. d6 cxd6 26. Qd5 Nc6 27. Nf7 h6
28. b5 axb5 29. cxb5 Rxa3 30. Rfe1 Na5 31. Ne5+ Kd8 32. Ng4 Qf8 33. Rc1 h5 34.
Qe6 Rc3 35. Ne3 Qf6 36. Qa2 b6 37. Qd5 g4 38. Kg1 Rxc1 39. Rxc1 Qf3 40. Qg8+
Bf8 41. Qe6 Qb7 42. Nd5 1-0

[Event "4NCL/Div3/WES2 vs. GUI3"]
[Site "Telford ENG"]
[Date "2003.04.12"]
[Round "7.4"]
[White "Hill, David F"]
[Black "Tunks, Dominic"]
[Result "0-1"]
[WhiteElo "2066"]
[BlackElo "2096"]
[PlyCount "77"]
[EventDate "2003.04.12"]

1. Nf3 Nc6 2. d4 d6 3. e4 Nf6 4. c3 e5 5. Bb5 Bd7 6. d5 Ne7 7. Bxd7+ Qxd7 8.
Nbd2 g6 9. O-O Bh6 10. Re1 Nh5 11. Nf1 Bxc1 12. Qxc1 Nf4 13. Qd2 g5 14. Ng3 h5
15. Ne2 Rg8 16. Nxf4 gxf4 17. Kh1 O-O-O 18. c4 f5 19. Qa5 Kb8 20. exf5 Nxf5 21.
c5 Qg7 22. Rg1 dxc5 23. Qxc5 e4 24. Nd2 Qe5 25. Rae1 Rxd5 26. Qc4 Nd6 27. Qb3
Qd4 28. f3 e3 29. Nb1 Qc4 30. Re2 Qxb3 31. axb3 Nf5 32. Nc3 Rd7 33. Rc2 Nd4 34.
Rcc1 Nxb3 35. Rcd1 Rd2 36. g3 fxg3 37. Rxd2 Nxd2 38. Rxg3 Rxg3 39. hxg3 {time}
0-1

[Event "4NCL/Div3/WES2 vs. GUI3"]
[Site "Telford ENG"]
[Date "2003.04.12"]
[Round "7.5"]
[White "Gregory, Keith D"]
[Black "Allinson, Julian"]
[Result "1/2-1/2"]
[WhiteElo "2032"]
[BlackElo "1880"]
[PlyCount "88"]
[EventDate "2003.04.12"]

1. Nf3 Nf6 2. g3 d6 3. Bg2 c6 4. O-O e5 5. c4 Be7 6. b3 Bf5 7. Bb2 Nbd7 8. d3
O-O 9. e4 Bg4 10. h3 Bh5 11. Qc2 Ne8 12. Nbd2 Bg5 13. Rae1 Bxd2 14. Qxd2 Bxf3
15. Bxf3 c5 16. Bg2 Nc7 17. f4 Ne6 18. Rf2 a5 19. Bc3 Nd4 20. Ref1 Nb8 21. Qd1
Nbc6 22. Qh5 f6 23. Rb1 Qe8 24. Qd1 b5 25. cxb5 Nxb5 26. Bb2 Nb4 27. a3 Nc6 28.
Qc2 Rb8 29. Qc4+ Qf7 30. Qa4 Nbd4 31. b4 axb4 32. Bxd4 Nxd4 33. axb4 Ra8 34.
Qd1 cxb4 35. Rxb4 Qa7 36. Rbb2 Rfb8 37. Kh2 Qc5 38. Qb1 Qc7 39. Rxb8+ Rxb8 40.
Qa2+ Kf8 41. Qd5 Rb5 42. Qa8+ Qb8 43. Qa3 Rb3 44. Qa6 Rb6 1/2-1/2

[Event "4NCL/Div3/WES2 vs. GUI3"]
[Site "Telford ENG"]
[Date "2003.04.12"]
[Round "7.6"]
[White "Stimpson, Philip M"]
[Black "Pleasants, Allan J"]
[Result "0-1"]
[WhiteElo "1944"]
[BlackElo "2000"]
[PlyCount "82"]
[EventDate "2003.04.12"]

1. e4 b6 2. d4 Bb7 3. Bd3 e6 4. Nc3 c5 5. Nf3 cxd4 6. Nxd4 Nc6 7. Be3 Nf6 8.
O-O Be7 9. Re1 d6 10. f4 O-O 11. Qf3 Nxd4 12. Bxd4 Qc7 13. Qh3 e5 14. Nb5 Qb8
15. Be3 a6 16. Nc3 b5 17. Rad1 Qc8 18. f5 b4 19. Na4 Qc6 20. Nb6 Rab8 21. Nd5
Nxd5 22. exd5 Qd7 23. Be4 Ba8 24. Qh5 f6 25. Rf1 Bd8 26. Rf3 Bb6 27. Bxb6 Rxb6
28. Rh3 h6 29. Rdd3 Qf7 30. Qd1 Rc8 31. c4 bxc3 32. Rxc3 Rcb8 33. b3 Rb4 34.
Qd3 Qa7+ 35. Qe3 Rd4 36. Rd3 Rc8 37. Rxd4 exd4 38. Qe1 Qc5 39. Rd3 Re8 40. Kf2
Kh7 41. b4 Qc2+ 0-1

[Event "4NCL/Div3/WES2 vs. GUI3"]
[Site "Telford ENG"]
[Date "2003.04.12"]
[Round "7.7"]
[White "Sigurdsson, Johann H"]
[Black "Coates, Christine"]
[Result "1-0"]
[WhiteElo "2032"]
[BlackElo "1072"]
[PlyCount "67"]
[EventDate "2003.04.12"]

1. e4 e6 2. d3 b6 3. g3 Bb7 4. Bg2 Bc5 5. d4 Bb4+ 6. c3 Be7 7. Ne2 f5 8. Nd2
Nf6 9. Qc2 d5 10. exf5 exf5 11. Qxf5 Qd6 12. Nc4 Qd7 13. Qxd7+ Nbxd7 14. Nf4
O-O-O 15. Ne3 Nf8 16. Nf5 Bd6 17. Nxg7 Bxf4 18. Bxf4 Ng6 19. Bg5 Rd6 20. Bh3+
Kb8 21. f3 Bc8 22. Bxc8 Kxc8 23. Kf2 Ne8 24. Nf5 Re6 25. Rhe1 Rxe1 26. Rxe1 Nd6
27. Nxd6+ cxd6 28. h4 Kd7 29. h5 h6 30. Bf6 Rf8 31. Bg7 Re8 32. Rxe8 Kxe8 33.
hxg6 h5 34. f4 1-0

[Event "4NCL/Div3/WRO2 vs. BRI2"]
[Site "Telford ENG"]
[Date "2003.04.12"]
[Round "7.1"]
[White "Keely, Leo"]
[Black "Rudd, Jack"]
[Result "0-1"]
[WhiteElo "2153"]
[BlackElo "2171"]
[PlyCount "74"]
[EventDate "2003.04.12"]

1. e4 e6 2. d4 d5 3. Nc3 Nf6 4. Bg5 Bb4 5. e5 h6 6. Bd2 Bxc3 7. bxc3 Ne4 8. Bd3
Nxd2 9. Qxd2 c5 10. f4 Nc6 11. Nf3 Qa5 12. g4 h5 13. g5 g6 14. Rf1 Bd7 15. Rb1
c4 16. Be2 Qxa2 17. Qc1 Qa6 18. Ra1 Qb6 19. Qa3 Qd8 20. Qd6 Qe7 21. Kd2 O-O 22.
Rfb1 b6 23. Ra6 Rfd8 24. Rba1 Qxd6 25. exd6 Na5 26. Ne5 Bb5 27. R6xa5 bxa5 28.
Rxa5 a6 29. Kc1 Rxd6 30. Kb2 Kg7 31. Ka3 Rb6 32. Bf3 Rab8 33. h3 Be8 34. Rc5
Rb1 35. Ka2 R8b2+ 36. Ka3 Rxc2 37. Rc7 Rb3# 0-1

[Event "4NCL/Div3/WRO2 vs. BRI2"]
[Site "Telford ENG"]
[Date "2003.04.12"]
[Round "7.2"]
[White "Dilleigh, Stephen P"]
[Black "Arnott, Jonathan W"]
[Result "1/2-1/2"]
[WhiteElo "2158"]
[BlackElo "2094"]
[PlyCount "38"]
[EventDate "2003.04.12"]

1. d4 e6 2. c4 b6 3. e4 Bb7 4. Bd3 f5 5. exf5 Bxg2 6. Qh5+ g6 7. fxg6 Bg7 8.
gxh7+ Kf8 9. Bg5 Nf6 10. Qh4 Bxh1 11. Ne2 Bf3 12. Nf4 Nc6 13. Nd2 Bg4 14. Ng6+
Kf7 15. Nxh8+ Qxh8 16. Bxf6 Bxf6 17. Qxg4 Bxd4 18. Nf3 Bxb2 19. Rd1 Rf8 1/2-1/2

[Event "4NCL/Div3/WRO2 vs. BRI2"]
[Site "Telford ENG"]
[Date "2003.04.12"]
[Round "7.3"]
[White "van Kemenade, Rudy"]
[Black "Curtis, John"]
[Result "1-0"]
[WhiteElo "2142"]
[BlackElo "2143"]
[PlyCount "49"]
[EventDate "2003.04.12"]

1. e4 d6 2. d4 Nf6 3. Nc3 e5 4. Nge2 Nc6 5. h3 g6 6. Be3 Bg7 7. g3 O-O 8. Bg2
Re8 9. d5 Nb8 10. O-O a5 11. Qd2 Nbd7 12. f4 exf4 13. gxf4 b5 14. Nd4 Bb7 15.
Ndxb5 Nb6 16. b3 a4 17. Rad1 axb3 18. cxb3 Ba6 19. e5 Nfd7 20. e6 Nf6 21. f5
Rb8 22. a4 fxe6 23. fxe6 Qe7 24. Rf2 Bb7 25. Bg5 1-0

[Event "4NCL/Div3/WRO2 vs. BRI2"]
[Site "Telford ENG"]
[Date "2003.04.12"]
[Round "7.4"]
[White "Easton, Alex"]
[Black "Lim, Chin-Lee"]
[Result "0-1"]
[WhiteElo "2123"]
[BlackElo "2060"]
[PlyCount "88"]
[EventDate "2003.04.12"]

1. Nf3 d5 2. c4 e6 3. d4 Nf6 4. Bg5 Be7 5. e3 h6 6. Bh4 O-O 7. Nc3 b6 8. Rc1
Ba6 9. cxd5 Bxf1 10. Kxf1 Nxd5 11. Nxd5 exd5 12. Bxe7 Qxe7 13. Qb3 Rd8 14. Ke2
c5 15. Qa3 Nd7 16. Rhd1 Qe6 17. dxc5 bxc5 18. Kf1 Rdc8 19. Kg1 Rc6 20. Qd3 Rd6
21. b3 Rb8 22. e4 d4 23. Nd2 Ra6 24. a4 Rab6 25. f4 Qg4 26. Rf1 Rf6 27. g3 h5
28. Qf3 Qh3 29. Qg2 Qe6 30. Rf3 Qe7 31. Rd3 Rfb6 32. Qf3 Nf6 33. h3 Rd8 34. Kg2
Re6 35. Re1 Nd5 36. g4 Nb4 37. f5 Nxd3 38. Qxd3 Rb6 39. e5 hxg4 40. hxg4 Qh4
41. Qe4 Qh6 42. Nf3 Qc6 43. Qf4 Rxb3 44. f6 Qxf3+ 0-1

[Event "4NCL/Div3/WRO2 vs. BRI2"]
[Site "Telford ENG"]
[Date "2003.04.12"]
[Round "7.5"]
[White "White, Mark W"]
[Black "Ponter, Ian"]
[Result "1/2-1/2"]
[WhiteElo "2104"]
[BlackElo "2103"]
[PlyCount "128"]
[EventDate "2003.04.12"]

1. e4 e5 2. Bb5 Nf6 3. d4 c6 4. dxe5 Nxe4 5. Bd3 Nc5 6. Nf3 d5 7. h3 Be7 8. O-O
Be6 9. Nc3 Nbd7 10. Re1 h6 11. a3 Nxd3 12. Qxd3 Nb6 13. b4 Qd7 14. Nd4 g5 15.
Nce2 O-O-O 16. Ng3 Nc4 17. Ngf5 h5 18. Nxe7+ Qxe7 19. Nf3 Rdg8 20. Nd2 g4 21.
h4 Qxh4 22. Nxc4 dxc4 23. Qd4 Rd8 24. Qxa7 g3 25. fxg3 Qxg3 26. Be3 Bd5 27.
Qa8+ Kd7 28. Qxb7+ Ke6 29. Re2 Bxg2 30. Rxg2 Qxe3+ 31. Kh1 Qf3 32. b5 Rd2 33.
Qxc6+ Qxc6 34. bxc6 Rxg2 35. Kxg2 Kxe5 36. Rf1 {=} f5 37. c7 Rc8 38. Rh1 Rxc7
39. Rxh5 Ke4 40. Rh8 Ra7 41. Rh3 f4 42. Kf2 Ra4 43. Ke2 Kf5 44. Kf2 Kg4 45. Rc3
Kf5 46. Ke2 Ke4 47. Rh3 Ra5 48. Rc3 Kd4 49. Rf3 Rf5 50. Kf2 Kc5 51. Ke2 Re5+
52. Kf2 Re4 53. Rc3 Kd4 54. Rf3 c3 55. Rd3+ Kc4 56. Kf3 Re1 57. Rd8 Rc1 58.
Rc8+ Kd4 59. Rd8+ Ke5 60. Re8+ Kd6 61. Kxf4 Rxc2 62. Ke3 Kd7 63. Kd3 Ra2 64.
Re2 Rxa3 1/2-1/2

[Event "4NCL/Div3/WRO2 vs. BRI2"]
[Site "Telford ENG"]
[Date "2003.04.12"]
[Round "7.6"]
[White "Humphreys, Jerry"]
[Black "Cumbers, Paul"]
[Result "0-1"]
[WhiteElo "2066"]
[BlackElo "2040"]
[PlyCount "74"]
[EventDate "2003.04.12"]

1. e4 e6 2. d4 d5 3. Nc3 Nf6 4. Bg5 Bb4 5. e5 h6 6. exf6 hxg5 7. fxg7 Rg8 8. h4
Qf6 9. hxg5 Qxg5 10. Qd3 Qxg7 11. Rh7 Qf6 12. O-O-O a6 13. Qe3 Be7 14. Re1 Nc6
15. Nf3 Bd7 16. Kb1 O-O-O 17. Ne5 Be8 18. g3 Rg7 19. Rh4 Qg5 20. Nxc6 Bxc6 21.
Qf3 Bb4 22. Re5 Qe7 23. a3 Bd6 24. Reh5 f6 25. Bd3 Kb8 26. Rh7 Rdg8 27. Rxg7
Rxg7 28. Rh6 Rf7 29. Bg6 Rf8 30. Rh7 Qd8 31. Qg4 e5 32. Ne2 Rh8 33. Rf7 Bb5 34.
Nc3 Bc6 35. Qf3 exd4 36. Nxd5 Bxa3 37. Qxa3 Rh1+ 0-1

[Event "4NCL/Div3/WRO2 vs. BRI2"]
[Site "Telford ENG"]
[Date "2003.04.12"]
[Round "7.7"]
[White "Keeling, Geoff"]
[Black "Buckley, Samuel B"]
[Result "1-0"]
[WhiteElo "2013"]
[BlackElo "2032"]
[PlyCount "77"]
[EventDate "2003.04.12"]

1. e4 c5 2. Nf3 d6 3. d4 cxd4 4. Qxd4 Nc6 5. Bb5 Bd7 6. Bxc6 bxc6 7. O-O Qb6 8.
Be3 c5 9. Qc3 Nf6 10. Nbd2 Bb5 11. Rfe1 g6 12. e5 Nd5 13. Qb3 Nc7 14. exd6 Qxd6
15. Qc3 f6 16. Bxc5 Qc6 17. Nd4 Qd7 18. Nxb5 Qxb5 19. Bxe7 Bxe7 20. Qxc7 Qd7
21. Qxd7+ Kxd7 22. Nb3 Rhd8 23. Rad1+ Ke8 24. Kf1 Rac8 25. Rxd8+ Kxd8 26. c3
Kd7 27. Ke2 Bd8 28. Rd1+ Ke7 29. Rd3 a5 30. Nd4 Kd6 31. Nb5+ Kc5 32. Nd6 Rb8
33. Ne4+ Kc6 34. b3 f5 35. Nd2 Bf6 36. Nc4 Bd8 37. Ne5+ Kc7 38. Rd7+ Kc8 39.
Rxd8+ 1-0

[Event "4NCL/Div3/WRO2 vs. BRI2"]
[Site "Telford ENG"]
[Date "2003.04.12"]
[Round "7.8"]
[White "Headlong, Fenella"]
[Black "van Kemenade, Julie"]
[Result "1/2-1/2"]
[WhiteElo "1672"]
[BlackElo "1664"]
[PlyCount "34"]
[EventDate "2003.04.12"]

1. e4 d6 2. d4 g6 3. Nc3 Bg7 4. Bc4 Nf6 5. Bb3 Nbd7 6. Nge2 O-O 7. O-O e5 8.
dxe5 dxe5 9. f3 c6 10. Be3 Qe7 11. Qd2 Re8 12. Rfd1 Nf8 13. Qd6 Qxd6 14. Rxd6
Be6 15. Rad1 Bxb3 16. axb3 Ne6 17. Kf2 Bf8 1/2-1/2

[Event "4NCL/Div3/GUI3 vs. NWE2"]
[Site "Telford ENG"]
[Date "2003.04.13"]
[Round "8.1"]
[White "Richardson, Kevin D"]
[Black "Charleshouse, Glenn L"]
[Result "1/2-1/2"]
[WhiteElo "2169"]
[BlackElo "2238"]
[PlyCount "56"]
[EventDate "2003.04.13"]

1. e4 c5 2. Nf3 e6 3. d4 cxd4 4. Nxd4 Nf6 5. Nc3 d6 6. Be2 Be7 7. Be3 O-O 8.
O-O Nc6 9. f4 Qc7 10. Qe1 a6 11. Bf3 Bd7 12. a4 Nxd4 13. Bxd4 Bc6 14. Qg3 b5
15. e5 dxe5 16. fxe5 Nd7 17. axb5 axb5 18. Rxa8 Rxa8 19. Ne4 Bxe4 20. Bxe4 Rf8
21. Qc3 Qxc3 22. bxc3 b4 23. cxb4 Bxb4 24. c3 Bc5 25. Rb1 Rc8 26. Rb7 Nf8 27.
Kf2 Ng6 28. Ke3 Bxd4+ 1/2-1/2

[Event "4NCL/Div3/GUI3 vs. NWE2"]
[Site "Telford ENG"]
[Date "2003.04.13"]
[Round "8.2"]
[White "Hulmes, David I"]
[Black "Punnett, Alan K"]
[Result "1-0"]
[WhiteElo "2136"]
[BlackElo "2129"]
[PlyCount "155"]
[EventDate "2003.04.13"]

1. e4 e6 2. d4 d5 3. Nd2 c5 4. exd5 exd5 5. Bb5+ Nc6 6. Ngf3 Bd6 7. dxc5 Bxc5
8. O-O Nge7 9. Nb3 Bd6 10. Re1 O-O 11. Bd3 h6 12. h3 Bf5 13. Nbd4 Bg6 14. c3
Rc8 15. Be3 Bb8 16. Qd2 Nxd4 17. Bxd4 Bxd3 18. Qxd3 Nc6 19. Rad1 Re8 20. Be3
Qc7 21. Qxd5 Rcd8 22. Qc5 b6 23. Qc4 Ne5 24. Qxc7 Nxf3+ 25. gxf3 Bxc7 26. Rxd8
Rxd8 27. Bd4 Bd6 28. Kf1 f6 29. Ke2 Kf7 30. Kd3 b5 31. Kc2 a6 32. Be3 Rc8 33.
Bd4 Rc6 34. b3 Bc5 35. Rd1 Ke6 36. Kd3 Kf5 37. Be3 Bd6 38. c4 Bb4 39. Rc1 Rd6+
40. Ke2 bxc4 41. Rxc4 a5 42. Rc7 g5 43. Rc4 Rd7 44. f4 g4 45. hxg4+ Kxg4 46.
f5+ Kxf5 47. Bxh6 Rd5 48. Bc1 Re5+ 49. Kf3 Rd5 50. a3 Bd6 51. b4 axb4 52. axb4
Rd3+ 53. Ke2 Rb3 54. Bd2 Ke5 55. Bc3+ Kd5 56. Kd3 Be5 57. Rc5+ Kd6 58. Kc2 Ra3
59. Kb2 Ra8 60. Kb3 Bxc3 61. Rxc3 Ra1 62. b5 Rb1+ 63. Ka4 Rb2 64. f3 f5 65. Ka5
Ra2+ 66. Kb6 Rb2 67. Rd3+ Ke5 68. Kc6 Rc2+ 69. Kb7 f4 70. b6 Re2 71. Kc8 Re3
72. Rxe3+ fxe3 73. b7 Kf4 74. b8=Q+ Kxf3 75. Qh2 e2 76. Qg1 Ke4 77. Kc7 Kd3 78.
Qe1 1-0